Statistieken voor super makkelijke groep 8 topografie quiz

Klik hier om de quiz te nemen!

Algemene statistieken

  • Deze quiz is 164 keer genomen
  • De gemiddelde score is 8 van 15

Antwoordstatistieken

VraagAntwoord% Correct
Wat is de Hoofdstad van China?Bejing
92%
In welk land is Ohio???Verengide staten
90%
Welk land is Noord korea
78%
Hoofdstad van Noord-KoreaPyongyang
74%
Van welk land was deze vlagDuitsland
68%
In welk land ligt de stad Amerika?Nederland, Limburg
59%
Wat is de hoofdstad van OhioCleveland
56%
Welk land heeft het Falklandeilanden in bezet?Verenigd Koninkrijk
53%
Wat is de hoofdstad van VietnamHanoi
48%
Van welk land is deze vlagZuid Afrika
47%
Hoofdstad van BahasaZe hebben geen hoofdstad
45%
Van welk land is deze vlagCanada WW2
38%
Welke kaart klopt?
32%
Welke kaart van China
29%
Wat is de hoofdstad van KroatieSarajevo
29%

Scoreverdeling

Percentiel versus Aantal Correcte Antwoorden

Procent van Mensen met Elke Score

Uw Scoregeschiedenis

U heeft deze quiz nog niet genomen